000 01420nam a2200397 i 4500
001 11534
003 KOSZ 005
005 20221025105418.0
008 071118s1968 pl a f 001 0 pol
015 _aPB 1968/2812
040 _aWA N
_cWA N
_dKOSZ 005/RW
_dKOSZ 005/HR
041 1 _apol
_heng
046 _k1968
080 _a546.3/.9
080 _a54-38
100 1 _aBasolo, Fred
_d(1920- )
_eAutor
245 1 0 _aChemia koordynacyjna :
_bchemia związków kompleksowych metali /
_cFred Basolo, Ronald C. Johnson ; tł. Zdzisław Grzymalski.
246 1 _iTyt. oryg.:
_aCoordination chemistry :
_bthe chemistry of metal complexes.
260 _aWarszawa :
_bPaństwowe Wydawnictwo Naukowe,
_c1968.
300 _a207, [1] s. :
_bil., err. ;
_c18 cm.
336 _2rdacontent
_aTekst
_btxt
337 _2rdamedia
_aBez urządzenia pośredniczącego
_bn
338 _2rdacarrier
_aWolumin
_bnc
380 _aKsiążki
388 _a1901-2000
388 _a1945-1989
504 _aBibliogr. s. 200. Indeks.
650 4 _aMetale
650 4 _aZwiązki kompleksowe
658 _aChemia
700 1 _aJohnson, Ronald C.
_eAutor
700 1 _aGrzymalski, Zdzisław
_eTłumaczenie
710 2 _aPaństwowe Wydawnictwo Naukowe
_4pbl.
856 _uhttp://koha.tu.koszalin.pl/cgi-bin/koha/opac-detail.pl?biblionumber=11534
_yKatalog online BPK
942 _2UKD
_cKS
999 _c11534
_d11534